书目信息 |
| 题名: |
信息安全概论
|
|
| 作者: | 牛少彰 , 崔宝江 , 李剑 编著 | |
| 分册: | ||
| 出版信息: | 北京 北京邮电大学出版社 2007.09 |
|
| 页数: | 255页 | |
| 开本: | 24cm | |
| 丛书名: | 信息安全专业系列教材 | |
| 单 册: | ||
| 中图分类: | TP309 | |
| 科图分类: | ||
| 主题词: | 信息系统--xin xi xi tong--安全技术--高等教育--教材 | |
| 电子资源: | ||
| ISBN: | 978-7-5635-1486-1 | |
| 000 | 01091nam 2200301 450 | |
| 001 | 012008873612 | |
| 005 | 20080603151647.67 | |
| 010 | @a978-7-5635-1486-1@dCNY28.00 | |
| 100 | @a20080603d2007 em y0chiy0120 ea | |
| 101 | 0 | @achi |
| 102 | @aCN@b110000 | |
| 105 | @aak a 000yy | |
| 106 | @ar | |
| 200 | 1 | @a信息安全概论@Axin xi an quan gai lun@f牛少彰, 崔宝江, 李剑编著@Fniu shao zhang,cui bao jiang,li jian bian zhu |
| 205 | @a第2版 | |
| 210 | @a北京@c北京邮电大学出版社@d2007.09 | |
| 215 | @a255页@c图@d24cm | |
| 225 | 2 | @a信息安全专业系列教材@Axin xi an quan zhuan ye xi lie jiao cai |
| 320 | @a有书目 (第255页) | |
| 330 | @a本书全面介绍了信息安全的基本概念、原理和知识体系,主要包括信息保密技术、信息认证技术、访问控制技术、密钥管理技术、数据库。 | |
| 410 | 0 | @12001 @a信息安全专业系列教材 |
| 606 | 0 | @a信息系统@Axin xi xi tong@x安全技术@x高等教育@j教材 |
| 690 | @aTP309@v4 | |
| 701 | 0 | @a牛少彰@Aniu shao zhang@4编著 |
| 701 | 0 | @a崔宝江@Acui bao jiang@4编著 |
| 701 | 0 | @a李剑@Ali jian@4编著 |
| 801 | 0 | @aCN@bQSSK@c20080603 |
| 905 | @b723365-66@dTP309@eN719@f2 | |
| 信息安全概论/牛少彰, 崔宝江, 李剑编著.-第2版.-北京:北京邮电大学出版社,2007.09 |
| 255页:图;24cm.-(信息安全专业系列教材) |
| ISBN 978-7-5635-1486-1:CNY28.00 |
| 本书全面介绍了信息安全的基本概念、原理和知识体系,主要包括信息保密技术、信息认证技术、访问控制技术、密钥管理技术、数据库。 |
| ● |
| 相关链接 |
|
|
|
正题名:信息安全概论
索取号:TP309/N719
 
预约/预借
| 序号 | 登录号 | 条形码 | 馆藏地/架位号 | 状态 | 备注 |
| 1 | 723365 | 207233652 | 自科库301/301自科库 46排4列1层/ [索取号:TP309/N719] | 在馆 | |
| 2 | 723366 | 207233661 | 自科库301/301自科库 46排4列1层/ [索取号:TP309/N719] | 在馆 |